Memoria que el Ministro de Estado en el Departamento de Hacienda presenta al Congreso Nacional de 1872
Gespeichert in:
| Format: | Buch |
|---|---|
| Sprache: | Spanisch |
| Veröffentlicht: |
Santiago
Imprenta Nacional
1872
|
| Ausgabe: | 1a. ed |
| Schlagworte: | |
| Tags: |
Tag hinzufügen
Keine Tags, Fügen Sie den ersten Tag hinzu!
|
MARC
| LEADER | 00000cam a2200000 a 4500 | ||
|---|---|---|---|
| 001 | UCE4688 | ||
| 003 | CL-VaPUC | ||
| 008 | 141107e18720000cl |||||||||||||||||spa|d | ||
| 082 | 0 | 4 | |a 351.05 |b MEM |2 21 |
| 245 | 1 | 0 | |a Memoria que el Ministro de Estado en el Departamento de Hacienda presenta al Congreso Nacional de 1872 |
| 250 | |a 1a. ed | ||
| 300 | |a 481 p | ||
| 942 | |c BK | ||
| 945 | |d 20141107 12:15:00 |a arojas | ||
| 260 | |a Santiago |b Imprenta Nacional |c 1872 | ||
| 500 | |a Incluye plegables | ||
| 600 | 0 | 7 | |a MINISTERIO DE HACIENDA |2 CL-VaPUC |9 400899 |
| 600 | 0 | 7 | |a CONGRESO NACIONAL |2 CL-VaPUC |9 396553 |
| 650 | 7 | |a MEMORIAS MINISTERIALES |2 CL-VaPUC |9 396559 | |
| 650 | 0 | |a Historia de Chile |9 322385 | |
| 650 | 0 | |a Fuentes Históricas |9 265141 | |
| 650 | 0 | |a Balances |9 356958 | |
| 650 | 7 | |a CUENTAS NACIONALES |2 CL-VaPUC |9 344474 | |
| 650 | 7 | |a DEUDA EXTERNA |2 CL-VaPUC |9 314619 | |
| 650 | 0 | |a Hacienda pública |9 258673 | |
| 583 | |a last modification |c 20141107 12:15:00 |k Rodrigo Vera | ||
| 999 | |c 357568 |d 357566 | ||
| 952 | |0 0 |1 0 |3 erd |4 0 |6 351_050000000000000_MEM_1872 |7 0 |8 X |9 465593 |a FDOBUD |b FDOBUD |i 5123313 |o 351.05 MEM 1872 |p 5123313 |r 2019-11-23 |w 2019-11-23 |y BK_X |z Catalogado en:20141107 |k BUD | ||